Traveller (Record no. 530801)
[ view plain ]
| 000 -LEADER | |
|---|---|
| fixed length control field | 00190nam a2200097 4500 |
| 040 ## - CATALOGING SOURCE | |
| Transcribing agency | DLC |
| 082 ## - DEWEY DECIMAL CLASSIFICATION NUMBER | |
| Classification number | 813.6 |
| Author Mark | MCL |
| 100 ## - MAIN ENTRY--PERSONAL NAME | |
| Personal name | Mclarty, Ron |
| 9 (RLIN) | 22665 |
| 245 ## - TITLE STATEMENT | |
| Title | Traveller |
| 942 ## - ADDED ENTRY ELEMENTS (KOHA) | |
| Source of classification or shelving scheme | |
| Koha item type | Book |
| Withdrawn status | Lost status | Source of classification or shelving scheme | Damaged status | Not for loan | Permanent Location | Current Location | Date acquired | Total Checkouts | Total Renewals | Full call number | Barcode | Date last seen | Date last checked out | Price effective from | Koha item type |
|---|---|---|---|---|---|---|---|---|---|---|---|---|---|---|---|
| School of Civil and Environmental Engineering (SCEE) | School of Civil and Environmental Engineering (SCEE) | 10/14/2019 | 3 | 4 | 813.6 MCL | NIT-9264 | 06/03/2024 | 03/13/2024 | 10/14/2019 | Book |
